000 00962nam a2200253 i 4500
001 110772
003 ES-MaACL
005 20250912063048.0
007 t|
008 070125s1933 sp ||||1| spa d
080 _a343(075.8)
100 1 _aFerri, Enrico,
_d1856-1929
_950564
245 1 0 _aPrincipios de derecho criminal
_b: delincuente y delito en la ciencia, en la legislación y en la jurisprudencia /
_cEnrique Ferri ; traducción por José Arturo Rodríguez Muñoz.
250 _a1ª ed.
260 _aMadrid :
_bHijos de Reus,
_c1933.
300 _a820 p. ;
_c23 cm.
490 1 _aBiblioteca jurídica de autores españoles y extranjeros ;
_v168
650 0 7 _aDerecho penal
_2embne
_911749
650 4 _aCrimen y criminales.
_911417
700 1 _aRodríguez Muñoz, José Arturo.
_998694
830 0 _aBiblioteca jurídica de autores españoles y extranjeros ;
_v168
_9182228
852 _aES-MaACL
_jE-3139
999 _c110772
_d110772